00459nam a2200169Ia 4500008004100000020001800041041000800059082002100067100001400088245004300102260004400145300000900189500002400198500002000222650002400242700002300266230125s9999 xx 000 0 und d a81-7635-145-8 aeng a005.133bNOR GRO aNortons P aPeter Norton's guide to Visual Basic 6 c1998bTechmedia publicationsaNew Delhi a808p aVisual basic 6,VB 6 aVisual Basic;VB aComputer Management aNortons P & Groh M